000 00739nam a22002297a 4500
005 20251108171940.0
008 250721s2002 xx 000 0 ara d
082 1 4 _a956.411/قضي
100 1 _aأبو جابر، إبراهيم
245 1 0 _aقضية القدس و مستقبلها في القرن الحادي و العشرين /
250 _aط3
264 1 _aعمان :
_bمركز دراسات الشرق الأوسط،
_c2002.
300 _a281ص
490 0 _aدراسات ؛24
650 1 7 _aتاريخ فلسطين
650 1 7 _aالقدس
650 1 7 _aالصراع العربي الإسرائيلي
700 1 _aالحمد، جواد
700 1 _aالتفكجي، خليل
942 _2ddc
_cBK
999 _c66641
_d66641